000 00582nam a22001817a 4500
005 20231122150508.0
010 _aENG-137869
020 _a9788190889230
_c175.00
035 _aEN-121399
037 _bDBAD/PUB
082 _a659.1
100 _aJampala, Rajesh C.
_958970
245 _aAdvertising-Sales Promotion and Distribution/
_cBy Rajesh C.Jampala and P. AdiLakshmi
260 _aMachilipatnam
_bDuvvuri Publications
_c2009
270 _aM.I.G.-143, A.P.H.B. Colony
_bMachilipatnam
_e521001
300 _a325p.
_c24cm(pbk)
942 _2ddc
_cEN
_h659.1
_mJAM
999 _c197433
_d197433